Ethiopie + Somalie = 6 - Statistiques

Statistiques générales
  • Ce quiz a été pris 58 fois
  • Le résultat moyen est 3 sur 6
Statistiques - réponses
Réponse % Correct
Mali
96%
Laos
56%
Italie
50%
Malte
46%
Haïti
38%
Lesotho
29%
Aucun quiz correspondant
Distribution des résultats
% des personnes avec chaque résultat
Percentile par nombre de réponses
Votre historique - résultats
Vous n’avez pas pris ce quiz